Nuskha-E-Sahihiya Taibb-E-Akbar. (Record no. 722)

MARC details
000 -LEADER
fixed length control field 00640nam a2200253 a 4500
020 ## - INTERNATIONAL STANDARD BOOK NUMBER
ISBN
082 00 - DEWEY DECIMAL CLASSIFICATION NUMBER
Classification number 616.927
Author Cutter ARZ1
100 ## - MAIN ENTRY--AUTHOR NAME
Author name Arzani H, Mohammad Akbar
245 ## - TITLE STATEMENT
Title Nuskha-E-Sahihiya Taibb-E-Akbar.
260 ## - PUBLICATION, DISTRIBUTION, ETC. (IMPRINT)
Place of publication Lucknow
Name of publisher Hind Press
Year of publication 1855
300 ## - PHYSICAL DESCRIPTION
Number of Pages 641p
500 ## - GENERAL NOTE
General note includes index and biblioraphy
505 2# - FORMATTED CONTENTS NOTE
Formatted contents note four parts in two vols.
650 ## - SUBJECT ADDED ENTRY--TOPICAL TERM
Topical Term Medicine-Arabian
650 ## - SUBJECT ADDED ENTRY--TOPICAL TERM
Topical Term Medicine-Unani
942 ## - ADDED ENTRY ELEMENTS (KOHA)
Koha item type Books
700 1# -
-- Arzani H, Mohammad Akbar
Holdings
Collection code Home library Current library Date acquired Cost, normal purchase price Full call number Accession Number Koha item type
  Henry Martyn Institute Library Henry Martyn Institute Library 06/12/2007 100.00 616.927 ARZ1 04312 Books
                   Copyright © 2026 | Henry Martyn Institute | Hyderabad | TS-500052 | INDIA | Implemented by hmi.edu.in
Hit-Count:

Powered by Koha